[Event "15. Offene HH Senioren EM 2008"]
[Site "Hamburg"]
[Date "2008.10.29"]
[Round "3.25"]
[White "Warneke, Perygrin"]
[Black "Ramm, Helga"]
[Result "1-0"]
[WhiteElo "1352"]
[BlackElo "919"]
[PlyCount "93"]
[EventDate "2008.??.??"]
[WhiteTeam "SF Sasel 1947"]
[BlackTeam "Niendorfer TSV 1919 SAbt"]

1. d4 d5 2. Nf3 Nc6 3. c4 Nf6 4. Nc3 e6 5. Bg5 Be7 6. e3 a6 7. Bd3 Nb4 8. Be2
Ne4 9. Bxe7 Qxe7 10. O-O Nxc3 11. bxc3 Nc6 12. cxd5 exd5 13. c4 Be6 14. Qa4 O-O
15. c5 Bg4 16. h3 Bxf3 17. Bxf3 Qe6 18. Qb3 Ne7 19. Qxb7 Qd7 20. Qb2 c6 21. Qc2
f5 22. Rab1 Ng6 23. Rb2 Nh4 24. Be2 Qf7 25. Rfb1 Qg6 26. Bf1 Nf3+ 27. Kh1 Nh4
28. Rb7 h5 29. R1b2 Qg5 30. Qb1 Kh7 31. Rb8 Rd8 32. Rxd8 Qxd8 33. Rb6 Qc7 34.
Rb7 Qc8 35. Rb6 Kh6 36. Qe1 Qe6 37. Rxa6 Rf8 38. Ra3 f4 39. e4 dxe4 40. f3 e3
41. Qxh4 e2 42. Qe1 Qg6 43. Qxe2 Re8 44. Qd2 Qg3 45. Be2 Qf2 46. Qxf4+ Kg6 47.
Bd3+ 1-0

[Event "15. Offene HH Senioren EM 2008"]
[Site "Hamburg"]
[Date "2008.10.30"]
[Round "4.1"]
[White "Jacoby, Gisbert"]
[Black "Hawranke, Dietrich"]
[Result "1/2-1/2"]
[WhiteElo "2186"]
[BlackElo "2127"]
[PlyCount "31"]
[EventDate "2008.??.??"]
[WhiteTeam "Koenigsspr.SC.1984 e.V."]
[BlackTeam "Pinneberger SC 1932 eV"]

1. e4 c5 2. Nf3 g6 3. d4 Bg7 4. d5 b5 5. Nbd2 a6 6. a4 bxa4 7. Nc4 d6 8. Bd2
Qc7 9. Ba5 Qb7 10. Nb6 Ra7 11. Nxc8 Qxc8 12. c3 Nf6 13. Rxa4 O-O 14. Nd2 e6 15.
Nc4 exd5 16. exd5 1/2-1/2

[Event "15. Offene HH Senioren EM 2008"]
[Site "Hamburg"]
[Date "2008.10.30"]
[Round "4.2"]
[White "Gehrke, Rolf"]
[Black "Gollasch, Theo Heinz"]
[Result "1/2-1/2"]
[WhiteElo "2052"]
[BlackElo "2109"]
[PlyCount "71"]
[EventDate "2008.??.??"]
[WhiteTeam "SC Concordia SAbt Palamedes"]
[BlackTeam "Hamburger SK von 1830 eV"]

1. Nf3 c5 2. g3 Nc6 3. Bg2 Nf6 4. O-O g6 5. d4 cxd4 6. Nxd4 Qb6 7. Nb3 d6 8.
Nc3 Bg7 9. h3 O-O 10. e4 Re8 11. Be3 Qc7 12. f4 a6 13. Qe2 e6 14. Rad1 b5 15.
Qd2 Bf8 16. e5 dxe5 17. fxe5 Rd8 18. Nd4 Nxd4 19. Bxd4 Nd5 20. Qf2 Nxc3 21.
bxc3 Rb8 22. Ba7 Rxd1 23. Rxd1 Rb7 24. Bxb7 Bxb7 25. Rf1 Bd5 26. Bb8 Qb7 27.
Bd6 Bg7 28. a3 h5 29. Qc5 Bc4 30. Rf2 Qe4 31. Rf4 Qe1+ 32. Kh2 Bd5 33. Qg1 Qxc3
34. Qf2 Qa1 35. Qf1 Qc3 36. Qf2 1/2-1/2

[Event "15. Offene HH Senioren EM 2008"]
[Site "Hamburg"]
[Date "2008.10.30"]
[Round "4.3"]
[White "Schierholz, Guenter"]
[Black "Putzbach, Gerd"]
[Result "0-1"]
[WhiteElo "1871"]
[BlackElo "2297"]
[PlyCount "44"]
[EventDate "2008.??.??"]
[WhiteTeam "Koenigsspr.SC.1984 e.V."]
[BlackTeam "Niendorfer TSV 1919 SAbt"]

1. e4 c5 2. Nf3 d6 3. d4 cxd4 4. Nxd4 Nf6 5. Nc3 a6 6. g3 b5 7. Bg2 Bb7 8. a3
e6 9. O-O Nbd7 10. Kh1 Rc8 11. f3 Be7 12. Be3 Ne5 13. Nce2 d5 14. exd5 Nxd5 15.
Bc1 h5 16. h3 Nc4 17. Qd3 g5 18. g4 Qc7 19. c3 Ne5 20. Qd1 hxg4 21. fxg4 Nxg4
22. Nf4 Nde3 0-1

[Event "15. Offene HH Senioren EM 2008"]
[Site "Hamburg"]
[Date "2008.10.30"]
[Round "4.4"]
[White "Weiss, Siegfried"]
[Black "Soltau, Achim"]
[Result "1/2-1/2"]
[WhiteElo "2056"]
[BlackElo "1950"]
[PlyCount "93"]
[EventDate "2008.??.??"]
[WhiteTeam "Koenigsspr.SC.1984 e.V."]
[BlackTeam "SK Johanneum Eppendorf"]

1. e3 g6 2. f4 Bg7 3. Nf3 d5 4. Be2 Nf6 5. O-O O-O 6. b3 Ne4 7. c3 b6 8. Bb2 c5
9. Ne5 f6 10. Nf3 e5 11. d3 Nd6 12. d4 cxd4 13. fxe5 fxe5 14. cxd4 e4 15. Ne5
Nf5 16. Qc1 Qg5 17. Rf4 Be6 18. Nc3 Rc8 19. Qd2 Nc6 20. Kh1 Nxe5 21. dxe5 Bxe5
22. Nxe4 dxe4 23. Bxe5 Nh4 24. Rxh4 Qxe5 25. Rf1 Rf8 26. Rhf4 g5 27. Rxf8+ Rxf8
28. Kg1 Rxf1+ 29. Bxf1 Kg7 30. Qd8 Qc5 31. Qd4+ Qxd4 32. exd4 e3 33. Bd3 Bg4
34. Kf1 h6 35. h3 Bh5 36. Be4 g4 37. hxg4 Bxg4 38. g3 Kf6 39. Kg2 Ke6 40. Bf3
Bf5 41. Bb7 Bb1 42. a3 Ba2 43. Kf3 Bxb3 44. Kxe3 Bd5 45. Bc8+ Kd6 46. Ba6 Ba2
47. Be2 1/2-1/2

[Event "15. Offene HH Senioren EM 2008"]
[Site "Hamburg"]
[Date "2008.10.30"]
[Round "4.5"]
[White "Brueckner, Gerhard"]
[Black "Schulz, Hans Juergen"]
[Result "1/2-1/2"]
[WhiteElo "1867"]
[BlackElo "2015"]
[PlyCount "69"]
[EventDate "2008.??.??"]
[WhiteTeam "Pinneberger SC 1932 eV"]
[BlackTeam "Hamburger SK von 1830 eV"]

1. e4 e5 2. f4 d5 3. Nc3 d4 4. Nce2 Bg4 5. d3 Nc6 6. f5 g6 7. Nf3 gxf5 8. exf5
Bxf5 9. Ng3 Bg4 10. Be2 Qd7 11. Nxd4 Bxe2 12. Ndxe2 Bc5 13. Ne4 Be7 14. O-O f5
15. N4g3 Bc5+ 16. Kh1 Nge7 17. a3 O-O-O 18. b4 Bd6 19. Bb2 Rhg8 20. b5 Nd4 21.
c4 f4 22. Ne4 Qg4 23. Rf2 Qh4 24. Bxd4 exd4 25. Nxd6+ Rxd6 26. Rxf4 Qg5 27. Qf1
Ng6 28. Rf5 Qe7 29. c5 Rdd8 30. b6 axb6 31. cxb6 Rdf8 32. Rc1 c6 33. Nxd4 Kb8
34. Qe1 Rxf5 35. Nxf5 {(=)} 1/2-1/2

[Event "15. Offene HH Senioren EM 2008"]
[Site "Hamburg"]
[Date "2008.10.30"]
[Round "4.6"]
[White "Strenzke, Guenter"]
[Black "Seemann, Hans Siegfried"]
[Result "1-0"]
[WhiteElo "1976"]
[BlackElo "1779"]
[PlyCount "65"]
[EventDate "2008.??.??"]
[WhiteTeam "SV Großhansdorf"]
[BlackTeam "Koenigsspr.SC.1984 e.V."]

1. d4 d5 2. c4 e6 3. Nc3 Nf6 4. Bg5 Nbd7 5. e3 Be7 6. Rc1 c6 7. Bd3 O-O 8. Nf3
dxc4 9. Bxc4 Nd5 10. Bxe7 Qxe7 11. O-O Nxc3 12. Rxc3 e5 13. dxe5 Nxe5 14. Nxe5
Qxe5 15. f4 Qe7 16. f5 b5 17. Bb3 Qf6 18. Rd3 Qe5 19. Qf3 Qf6 20. e4 Ba6 21.
Rfd1 Rad8 22. Qf4 Rxd3 23. Rxd3 c5 24. e5 Qb6 25. Rd6 Qa5 26. h3 Bb7 27. Qg3
Rd8 28. f6 g6 29. e6 fxe6 30. Bxe6+ Kf8 31. Qf4 Qc7 32. Qh6+ Ke8 33. f7+ 1-0

[Event "15. Offene HH Senioren EM 2008"]
[Site "Hamburg"]
[Date "2008.10.30"]
[Round "4.7"]
[White "Dangelowski, Peter"]
[Black "Ristic, Sreten"]
[Result "0-1"]
[WhiteElo "1791"]
[BlackElo "1937"]
[PlyCount "151"]
[EventDate "2008.??.??"]
[WhiteTeam "Pinneberger SC 1932 eV"]
[BlackTeam "Altonaer SK 1873 eV"]

1. d4 c5 2. e3 cxd4 3. exd4 d5 4. Bf4 Nc6 5. c3 Bf5 6. Bd3 Qd7 7. Nf3 f6 8. h3
g5 9. Be3 Nh6 10. g4 Bg6 11. Qc2 O-O-O 12. Nbd2 Kb8 13. Nb3 e6 14. a3 Be7 15.
O-O-O Bxd3 16. Qxd3 Nf7 17. Qb5 a6 18. Qe2 Qc8 19. Kb1 Nd6 20. Nc5 Nc4 21. Bc1
Bxc5 22. dxc5 e5 23. b3 N4a5 24. Nd2 Ne7 25. b4 Nac6 26. Nb3 Qe6 27. Kb2 Rd7
28. f3 Rhd8 29. Be3 Qf7 30. h4 h6 31. hxg5 hxg5 32. Qc2 d4 33. cxd4 Nd5 34. Bf2
Nf4 35. Bg3 exd4 36. Bxf4+ gxf4 37. Qe4 d3 38. Qxf4+ Ka8 39. Rh6 f5 40. Rd6
Qg7+ 41. Ka2 Rxd6 42. cxd6 fxg4 43. fxg4 Qg6 44. Qf5 Qxd6 45. Rd2 Ne5 46. Qe4
Qc7 47. Nc5 Qf7+ 48. Kb1 Rd5 49. g5 Nc6 50. g6 Qf1+ 51. Kb2 Qf6+ 52. Kb1 Rd4
53. Qe8+ Rd8 54. Qf7 Qxf7 55. gxf7 Rf8 56. Rxd3 Rxf7 57. Rd7 Rf1+ 58. Kb2 Rf2+
59. Kc3 Rf3+ 60. Kb2 Ne5 61. Rxb7 Nd3+ 62. Nxd3 Kxb7 63. Nc5+ Kb6 64. Nb3 Rh3
65. Nd4 Rd3 66. Nb3 Kb5 67. Nc5 Rd2+ 68. Kc3 Rh2 69. a4+ Kb6 70. Nb3 Kc6 71.
Kc4 Rh4+ 72. Kc3 Kd5 73. Nd2 Rh3+ 74. Kb2 Kd4 75. Nb3+ Kc4 76. b5 0-1

[Event "15. Offene HH Senioren EM 2008"]
[Site "Hamburg"]
[Date "2008.10.30"]
[Round "4.8"]
[White "Cassens, Erhard Otto"]
[Black "Bahr, Peter"]
[Result "1-0"]
[WhiteElo "1785"]
[BlackElo "2028"]
[PlyCount "87"]
[EventDate "2008.??.??"]
[WhiteTeam "SAbt SV Lurup Hamb. 1923"]
[BlackTeam "SF Sasel 1947"]

1. f4 g6 2. Nf3 d5 3. d3 Nf6 4. c3 Bg7 5. Qc2 O-O 6. e4 e6 7. Be3 Nfd7 8. Qf2
b6 9. g4 dxe4 10. dxe4 Nf6 11. Qc2 Nxg4 12. Bd4 Bxd4 13. cxd4 Ne3 14. Qc3 Nxf1
15. Rxf1 Bb7 16. Nbd2 Nd7 17. O-O-O c5 18. Kb1 cxd4 19. Qxd4 Nc5 20. e5 Qxd4
21. Nxd4 Ba6 22. Rf2 Rac8 23. N2b3 Rfd8 24. Rc1 Bd3+ 25. Ka1 Ne4 26. Rxc8 Rxc8
27. Rf3 Bc4 28. Re3 Bd5 29. Kb1 a5 30. a4 Rc4 31. Nb5 Rxa4 32. Nd6 Nxd6 33.
exd6 Kf8 34. Nd2 Bc6 35. Rc3 Bd7 36. Nc4 Rb4 37. Ne5 Ke8 38. Rc7 Rc4 39. Rxd7
f6 40. Re7+ Kf8 41. Nd7+ Kg8 42. Nxf6+ Kf8 43. Nxh7+ Kg8 44. d7 1-0

[Event "15. Offene HH Senioren EM 2008"]
[Site "Hamburg"]
[Date "2008.10.30"]
[Round "4.9"]
[White "Diehl, Walter"]
[Black "Hadenfeldt, Klaus"]
[Result "1-0"]
[WhiteElo "1931"]
[BlackElo "1773"]
[PlyCount "47"]
[EventDate "2008.??.??"]
[WhiteTeam "Altonaer SK 1873 eV"]
[BlackTeam "Hamburger SK von 1830 eV"]

1. e4 c5 2. Nf3 d6 3. d4 cxd4 4. Nxd4 Nf6 5. Nc3 g6 6. Be3 Bg7 7. Qd2 Nc6 8. f3
O-O 9. g4 a6 10. O-O-O Nxd4 11. Bxd4 b5 12. h4 h5 13. Bxf6 Bxf6 14. gxh5 Kh7
15. hxg6+ fxg6 16. Nd5 Be6 17. h5 g5 18. Nxf6+ exf6 19. Qxd6 Qc8 20. h6 Ra7 21.
Qa3 Rc7 22. Rh2 Rc6 23. Kb1 Qc7 24. Qxf8 1-0

[Event "15. Offene HH Senioren EM 2008"]
[Site "Hamburg"]
[Date "2008.10.30"]
[Round "4.10"]
[White "Raedisch, Peter"]
[Black "Zippert, Georg"]
[Result "1-0"]
[WhiteElo "1817"]
[BlackElo "1929"]
[PlyCount "57"]
[EventDate "2008.??.??"]
[WhiteTeam "SF Hamburg eV 1934"]
[BlackTeam "SF Hamburg eV 1934"]

1. e4 e5 2. Nf3 Nc6 3. Bc4 Bc5 4. c3 Nf6 5. d4 exd4 6. e5 Qe7 7. O-O Ng4 8.
cxd4 Bb4 9. h3 Nh6 10. a3 Ba5 11. b4 Bb6 12. d5 Nd8 13. Bg5 Qf8 14. Qd3 c5 15.
Bxd8 Kxd8 16. d6 g6 17. Qd5 cxb4 18. axb4 Qg7 19. Nc3 Re8 20. Na4 Bc7 21. dxc7+
Kxc7 22. Rad1 Nf5 23. g4 Ne7 24. Qd6+ Kd8 25. Nc5 Nf5 26. gxf5 gxf5+ 27. Kh1
Re7 28. Qf6 Qf8 29. Ne6+ 1-0

[Event "15. Offene HH Senioren EM 2008"]
[Site "Hamburg"]
[Date "2008.10.30"]
[Round "4.11"]
[White "Klinkow, Alexander"]
[Black "Assmus, Edgar"]
[Result "1-0"]
[WhiteElo "1617"]
[BlackElo "1945"]
[PlyCount "71"]
[EventDate "2008.??.??"]
[WhiteTeam "SF Wedel"]
[BlackTeam "Niendorfer TSV 1919 SAbt"]

1. d4 e6 2. c4 f5 3. Nc3 Nf6 4. Bg5 Be7 5. f3 h6 6. Bh4 c6 7. Nh3 O-O 8. e4 d5
9. e5 Nh7 10. Bxe7 Qxe7 11. Nf4 Qf7 12. cxd5 exd5 13. Qe2 Be6 14. h4 Re8 15.
O-O-O b5 16. Kb1 Nd7 17. Qe3 Nb6 18. Qc1 Nf8 19. Bd3 b4 20. Nce2 Nc4 21. b3
Na3+ 22. Kb2 Rec8 23. Qc5 a5 24. h5 Qd7 25. Ng6 Nxg6 26. hxg6 a4 27. Qxb4 axb3
28. axb3 c5 29. dxc5 Rcb8 30. Qc3 d4 31. Nxd4 Bd5 32. Bxf5 Qa4 33. Be6+ Bxe6
34. Nxe6 Rxb3+ 35. Qxb3 Qxb3+ 36. Kxb3 1-0

[Event "15. Offene HH Senioren EM 2008"]
[Site "Hamburg"]
[Date "2008.10.30"]
[Round "4.12"]
[White "Keuneke, Hanno"]
[Black "Marquardt, Rolf"]
[Result "1/2-1/2"]
[WhiteElo "1694"]
[BlackElo "1778"]
[PlyCount "116"]
[EventDate "2008.??.??"]
[WhiteTeam "Langenhorner SF 1928"]
[BlackTeam "Langenhorner SF 1928"]

1. e4 e6 2. d4 d5 3. Nc3 Bb4 4. e5 Qd7 5. a3 Bxc3+ 6. bxc3 b6 7. Qg4 f5 8. Qg3
Ba6 9. Bxa6 Nxa6 10. Ne2 O-O-O 11. a4 Nb8 12. Qd3 Nc6 13. Qa6+ Kb8 14. Rb1 Qc8
15. Qb5 Qb7 16. Ba3 a6 17. Qd3 Na5 18. Nf4 Re8 19. Qg3 c6 20. Nd3 Ka7 21. Bc5
Nc4 22. a5 Qf7 23. axb6+ Kb7 24. Nb2 Nxb2 25. Rxb2 Ra8 26. O-O Ne7 27. Ra1 a5
28. Rba2 Ra6 29. Rxa5 Rha8 30. Rxa6 Rxa6 31. Rxa6 Kxa6 32. Qd3+ Kb7 33. c4 Nc8
34. cxd5 exd5 35. f3 g6 36. Kf2 f4 37. g3 fxg3+ 38. hxg3 Qe6 39. g4 Qf7 40. Qe3
Qe6 41. Kg3 h5 42. Qg5 Nxb6 43. Bxb6 Kxb6 44. gxh5 gxh5 45. f4 Qf7 46. f5 Qa7
47. e6 Qa4 48. Qd2 Qa3+ 49. c3 Qe7 50. Qh6 Qa3 51. Qxh5 Qxc3+ 52. Qf3 Qxd4 53.
Qf2 Qxf2+ 54. Kxf2 Kc7 55. e7 Kd7 56. f6 d4 57. Ke2 c5 58. Kd3 Ke8 1/2-1/2

[Event "15. Offene HH Senioren EM 2008"]
[Site "Hamburg"]
[Date "2008.10.30"]
[Round "4.13"]
[White "Voss, Werner"]
[Black "Funke, Hermann"]
[Result "0-1"]
[WhiteElo "1857"]
[BlackElo "1418"]
[PlyCount "82"]
[EventDate "2008.??.??"]
[WhiteTeam "SK Caissa Rahlstedt"]
[BlackTeam "SK Johanneum Eppendorf"]

1. e4 e5 2. Nf3 Nc6 3. d4 exd4 4. Bc4 Nf6 5. e5 d5 6. Bb5 Ne4 7. Nxd4 Bd7 8.
Bxc6 bxc6 9. O-O c5 10. Nf3 Be6 11. Re1 Be7 12. c4 c6 13. Nbd2 h6 14. Qe2 Ng5
15. b3 h5 16. Nxg5 Bxg5 17. Nf3 Be7 18. Qd2 h4 19. Ng5 Bxg5 20. Qxg5 Qxg5 21.
Bxg5 dxc4 22. bxc4 h3 23. g3 O-O 24. Be7 Rfe8 25. Bd6 Bxc4 26. Rec1 Bd5 27. f4
f5 28. a4 c4 29. Rab1 Rad8 30. Kf2 Be4 31. Rb7 Bd3 32. Rxa7 Re6 33. a5 Rdxd6
34. exd6 Rxd6 35. a6 Be4 36. Rxc4 Rd2+ 37. Ke1 Rxh2 38. Ra8+ Kh7 39. a7 Ra2 40.
Rc2 Bxc2 41. Kf2 Be4+ 0-1

[Event "15. Offene HH Senioren EM 2008"]
[Site "Hamburg"]
[Date "2008.10.30"]
[Round "4.14"]
[White "Scheinpflug, Michael"]
[Black "Stubbe, Werner"]
[Result "1-0"]
[WhiteElo "1814"]
[BlackElo "1723"]
[PlyCount "75"]
[EventDate "2008.??.??"]
[WhiteTeam "SF Wedel"]
[BlackTeam "Niendorfer TSV 1919 SAbt"]

1. d4 d5 2. c4 e6 3. Nc3 Bb4 4. a3 Bxc3+ 5. bxc3 c5 6. e3 Qa5 7. Qc2 Nf6 8. Bd3
dxc4 9. Bxc4 b5 10. Bd3 Bb7 11. f3 Nbd7 12. Bd2 c4 13. Be4 Nxe4 14. fxe4 Nf6
15. Nf3 Bxe4 16. Qb2 O-O 17. O-O Rfe8 18. Ne5 Qc7 19. Rf4 Qb7 20. Be1 Rf8 21.
g4 h6 22. Qf2 Nh7 23. Nd7 Ng5 24. Qg3 Qxd7 25. h4 Qd5 26. hxg5 hxg5 27. Rf2 g6
28. Rh2 Kg7 29. Qc7 Qc6 30. Qe7 Rh8 31. Raa2 Rxh2 32. Rxh2 Rh8 33. Rxh8 Kxh8
34. Qf8+ Kh7 35. Qxf7+ Kh6 36. Bg3 Bh1 37. Qf2 Be4 38. Be5 1-0

[Event "15. Offene HH Senioren EM 2008"]
[Site "Hamburg"]
[Date "2008.10.30"]
[Round "4.15"]
[White "Horstmann, Axel"]
[Black "Baumann, Siegfried"]
[Result "1-0"]
[WhiteElo "1581"]
[BlackElo "1544"]
[PlyCount "59"]
[EventDate "2008.??.??"]
[WhiteTeam "Hamburger SK von 1830 eV"]
[BlackTeam "SK Caissa Rahlstedt"]

1. e4 e5 2. Nf3 Nc6 3. Bb5 d6 4. d4 exd4 5. Nxd4 Bd7 6. O-O a6 7. Nxc6 bxc6 8.
Bc4 Nf6 9. Qe2 Bc8 10. Bg5 Be7 11. Rd1 Ng4 12. Bf4 O-O 13. f3 Nh6 14. Qe3 g5
15. Bg3 Be6 16. Bxe6 fxe6 17. c4 Nf7 18. Nc3 Qb8 19. Rab1 c5 20. e5 h6 21. exd6
Bxd6 22. Bxd6 cxd6 23. Qxe6 Kg7 24. Ne4 Ra7 25. Nxd6 Nd8 26. Nf5+ Kh8 27. Qxh6+
Kg8 28. Rd6 Rh7 29. Rg6+ Kh8 30. Qxf8# 1-0

[Event "15. Offene HH Senioren EM 2008"]
[Site "Hamburg"]
[Date "2008.10.30"]
[Round "4.16"]
[White "Nendza, Jan"]
[Black "Werner, Joern"]
[Result "0-1"]
[WhiteElo "1467"]
[BlackElo "1579"]
[PlyCount "112"]
[EventDate "2008.??.??"]
[WhiteTeam "SAbt Gehörlosen SPV 04"]
[BlackTeam "SK Wilhelmsburg 1936 eV"]

1. e4 e5 2. Nf3 Nc6 3. Nc3 Bc5 4. a3 a6 5. Bc4 Nf6 6. Ng5 O-O 7. d3 d6 8. Nd5
Be6 9. Nxf6+ Qxf6 10. O-O Bxc4 11. dxc4 Qg6 12. Qd3 h6 13. Nf3 Rae8 14. b4 Ba7
15. c3 Ne7 16. Nh4 Qg4 17. Nf5 Nxf5 18. exf5 Qh4 19. a4 Rd8 20. a5 Rfe8 21. b5
Bc5 22. Be3 Qf6 23. Bxc5 dxc5 24. Qe4 c6 25. bxa6 bxa6 26. Rab1 Rb8 27. Rb6
Rxb6 28. axb6 Rb8 29. Rb1 Qd6 30. h3 f6 31. h4 a5 32. Kf1 a4 33. Qc2 Qd8 34.
Qxa4 Rxb6 35. Rxb6 Qxb6 36. Qc2 Qa6 37. Qd3 Qa1+ 38. Ke2 Qh1 39. Qe4 Qc1 40.
Qxc6 Qc2+ 41. Kf3 Qxc3+ 42. Kg4 Qxc4+ 43. Kg3 Qf4+ 44. Kh3 Qxf5+ 45. g4 Qxf2
46. Qe6+ Kh7 47. Qd5 Qc2 48. Qf3 c4 49. Kg3 Qd3 50. Kg2 Qxf3+ 51. Kxf3 Kg6 52.
Ke4 h5 53. g5 fxg5 54. hxg5 Kxg5 55. Ke3 h4 56. Kf3 c3 0-1

[Event "15. Offene HH Senioren EM 2008"]
[Site "Hamburg"]
[Date "2008.10.30"]
[Round "4.17"]
[White "Zimmermann, Manfred"]
[Black "Warneke, Perygrin"]
[Result "0-1"]
[WhiteElo "1879"]
[BlackElo "1352"]
[PlyCount "72"]
[EventDate "2008.??.??"]
[WhiteTeam "Pinneberger SC 1932 eV"]
[BlackTeam "SF Sasel 1947"]

1. e4 e6 2. d4 d5 3. e5 c5 4. c3 Nc6 5. f4 Nh6 6. Nf3 Qb6 7. Bd3 Be7 8. Bc2 Bd7
9. a3 a5 10. a4 cxd4 11. cxd4 Nb4 12. O-O Nxc2 13. Qxc2 Nf5 14. Kh1 Bb4 15. Qd1
O-O 16. g4 Ne7 17. Na3 Rac8 18. Nc2 Rc4 19. Ne3 Rc7 20. h4 f6 21. exf6 Rxf6 22.
Ne5 Nc6 23. g5 Rf8 24. Nxc6 Qxc6 25. Bd2 Qd6 26. Ng4 Be8 27. Ne5 b6 28. Be3 Rf5
29. Rg1 Qe7 30. Ng4 Bd6 31. Qd2 Bb4 32. Qd1 Rf8 33. Rc1 Bg6 34. h5 Be4+ 35. Kh2
Rxc1 36. Bxc1 Qf7 {Zeit} 0-1

[Event "15. Offene HH Senioren EM 2008"]
[Site "Hamburg"]
[Date "2008.10.30"]
[Round "4.18"]
[White "Hermann, Armin"]
[Black "Peters, Reiner"]
[Result "1-0"]
[WhiteElo "1756"]
[BlackElo "1457"]
[PlyCount "73"]
[EventDate "2008.??.??"]
[WhiteTeam "Ahrensburger TSV"]
[BlackTeam "SK Caissa Rahlstedt"]

1. Nf3 g6 2. d4 Bg7 3. c4 c5 4. e3 cxd4 5. exd4 d5 6. Nc3 Nf6 7. Bf4 a6 8. Be2
O-O 9. O-O Nc6 10. a3 Be6 11. c5 Rc8 12. b4 Ne4 13. Rc1 Bg4 14. Ne5 Bxe2 15.
Nxe2 Nxe5 16. Bxe5 Nf6 17. Nc3 Ne8 18. Qe2 Bxe5 19. Qxe5 e6 20. f4 h5 21. Rf3
Qf6 22. a4 Qxe5 23. fxe5 f6 24. Rcf1 Kg7 25. b5 a5 26. Re3 f5 27. Ne2 Kf7 28.
Nf4 Rg8 29. Rc3 b6 30. Rfc1 Rb8 31. cxb6 Rxb6 32. Rc6 Rxc6 33. Rxc6 Ng7 34.
Rc7+ Ke8 35. Rc8+ Kf7 36. Rxg8 Kxg8 37. b6 1-0

[Event "15. Offene HH Senioren EM 2008"]
[Site "Hamburg"]
[Date "2008.10.30"]
[Round "4.19"]
[White "Meyer, Hans-Georg"]
[Black "Gette, Viktor"]
[Result "0-1"]
[WhiteElo "1358"]
[BlackElo "1500"]
[PlyCount "130"]
[EventDate "2008.??.??"]
[WhiteTeam "Bramfelder SK 1947"]
[BlackTeam "Koenigsspr.SC.1984 e.V."]

1. d4 d5 2. c4 e6 3. Nc3 Nf6 4. Nf3 Bb4 5. e3 Ne4 6. Qc2 O-O 7. Bd3 Ng5 8. Nxg5
Qxg5 9. O-O dxc4 10. Bxc4 c6 11. Ne4 Qe7 12. Bd3 Nd7 13. a3 Ba5 14. b4 Bc7 15.
g3 e5 16. Bb2 h6 17. b5 f5 18. Bc4+ Kh8 19. Nd2 cxb5 20. Bxb5 Bd6 21. Rfe1 a6
22. Bf1 b5 23. Bg2 Ra7 24. Nb3 Rc7 25. Qe2 Qf7 26. Nd2 Rc2 27. Rab1 Qa2 28. Bc1
Bxa3 29. Bxa3 Rxd2 30. Qxd2 Qxd2 31. Bxf8 Nxf8 32. dxe5 Be6 33. Red1 Qc2 34.
Bf3 Bc4 35. Bg2 a5 36. Rdc1 Qd2 37. Bh3 Qd3 38. Bf1 Qe4 39. Bxc4 bxc4 40. Ra1
Qxe5 41. Ra2 Qb5 42. Rac2 Nd7 43. Rxc4 a4 44. Rc7 Nb6 45. R7c5 Qb2 46. R5c2 Qb4
47. Rc5 a3 48. Rxf5 Qb2 49. Rfc5 a2 50. R5c2 Qxc2 51. Rxc2 a1=Q+ 52. Kg2 Qa8+
53. f3 Nd5 54. Re2 Qa7 55. e4 Ne3+ 56. Kh3 h5 57. Kh4 g6 58. Rd2 Qe7+ 59. Kh3
Qe6+ 60. Kh4 Kg7 61. Re2 Kh6 62. g4 Qe5 63. Ra2 hxg4 64. fxg4 Qf4 65. h3 g5#
0-1

[Event "15. Offene HH Senioren EM 2008"]
[Site "Hamburg"]
[Date "2008.10.30"]
[Round "4.20"]
[White "Falk, Rolf"]
[Black "Soerens, Meno"]
[Result "0-1"]
[WhiteElo "1080"]
[BlackElo "1479"]
[PlyCount "78"]
[EventDate "2008.??.??"]
[WhiteTeam "Koenigsspr.SC.1984 e.V."]
[BlackTeam "Schachfreunde Hamburg v. 1934 eV"]

1. d4 d5 2. Nf3 Nf6 3. e3 e6 4. Bd3 Be7 5. O-O O-O 6. Ne5 Nbd7 7. f4 Nxe5 8.
fxe5 Nd7 9. Qh5 g6 10. Qh3 c5 11. b3 a6 12. Nd2 b5 13. c4 Qb6 14. Rb1 cxd4 15.
exd4 Qxd4+ 16. Rf2 Bc5 17. Qg3 Qxe5 18. Nf3 Qxg3 19. hxg3 Bxf2+ 20. Kxf2 Nc5
21. Ke3 Nxd3 22. Kxd3 dxc4+ 23. bxc4 Rd8+ 24. Ke2 Bb7 25. Rb4 Bxf3+ 26. gxf3
bxc4 27. Bd2 Rac8 28. Ra4 Rc6 29. Bc3 h5 30. f4 Rd3 31. Be1 Kg7 32. Ra5 Rd5 33.
Ra3 Kf6 34. Bc3+ Kf5 35. Kf3 Rd3+ 36. Kg2 Kg4 37. Bb4 Rxa3 38. Bxa3 c3 39. Bc1
c2 0-1

[Event "15. Offene HH Senioren EM 2008"]
[Site "Hamburg"]
[Date "2008.10.30"]
[Round "4.21"]
[White "Kock, Rudolf"]
[Black "Graffenberger, Marianne"]
[Result "1/2-1/2"]
[WhiteElo "1474"]
[BlackElo "1500"]
[PlyCount "115"]
[EventDate "2008.??.??"]
[WhiteTeam "SF Hamburg eV 1934"]
[BlackTeam "Hamburger SK von 1830 eV"]

1. f4 d5 2. Nf3 Nf6 3. b3 g6 4. Bb2 Bg7 5. e3 O-O 6. Bd3 Bg4 7. O-O Nbd7 8. Qe1
Nc5 9. Qh4 Nxd3 10. cxd3 Bf5 11. d4 Bd3 12. Rf2 Ne4 13. Ng5 Nxg5 14. fxg5 f6
15. Nc3 fxg5 16. Rxf8+ Qxf8 17. Qxg5 c6 18. a4 Qf7 19. Ba3 Bf6 20. Qf4 Re8 21.
Qc7 e6 22. Qxf7+ Kxf7 23. Na2 b6 24. Nc1 Ba6 25. Bb2 c5 26. Kf2 Kg7 27. g3 Rf8
28. Kg2 Bb7 29. Ne2 Ba6 30. Re1 c4 31. b4 b5 32. a5 Bc8 33. h4 h5 34. Rf1 a6
35. Nf4 g5 36. hxg5 Bxg5 37. Nxh5+ Kg8 38. Rxf8+ Kxf8 39. Kf3 Kf7 40. g4 Kg6
41. Kg3 Be7 42. Nf4+ Kg5 43. Nh3+ Kg6 44. Ng1 Bxb4 45. Bc3 Bd6+ 46. Kh3 b4 47.
Bb2 b3 48. Ne2 Bc7 49. Bc3 b2 50. Bxb2 Bxa5 51. Nc3 Bc7 52. Na4 Bd7 53. Nc5 Bc8
54. d3 cxd3 55. Nxd3 a5 56. Ba3 a4 57. Ne5+ Bxe5 58. dxe5 1/2-1/2

[Event "15. Offene HH Senioren EM 2008"]
[Site "Hamburg"]
[Date "2008.10.30"]
[Round "4.23"]
[White "Bobzin, Volker"]
[Black "Bartlitz, Heinz"]
[Result "1-0"]
[WhiteElo "1476"]
[BlackElo "1841"]
[PlyCount "61"]
[EventDate "2008.??.??"]
[WhiteTeam "Schachfreunde Hamburg v. 1934 eV"]
[BlackTeam "Bramfelder SK 1947"]

1. d4 f5 2. c4 Nf6 3. Nc3 d6 4. Bf4 g6 5. f3 Bg7 6. e4 fxe4 7. fxe4 O-O 8. Nf3
Qe8 9. Be2 c6 10. a4 Nbd7 11. Qd2 e5 12. dxe5 dxe5 13. Bh6 Nc5 14. Bxg7 Nfxe4
15. Qe3 Nxc3 16. Bxf8 Qxf8 17. bxc3 e4 18. Nd4 Bd7 19. Rf1 Qg7 20. O-O-O Nxa4
21. Kc2 Qe7 22. Ra1 Nc5 23. Qf4 a6 24. Qf6 Qe8 25. Qd6 Ne6 26. Nxe6 Bxe6 27.
Qe5 e3 28. Bd3 Rd8 29. Qxe3 Rd7 30. Rf6 Re7 31. Re1 1-0

[Event "15. Offene HH Senioren EM 2008"]
[Site "Hamburg"]
[Date "2008.10.30"]
[Round "4.24"]
[White "Schleu, Günther"]
[Black "Manowski, Werner"]
[Result "1-0"]
[WhiteElo "1254"]
[BlackElo "1403"]
[PlyCount "79"]
[EventDate "2008.??.??"]
[WhiteTeam "Pinneberger SC 1932 eV"]
[BlackTeam "Langenhorner SF 1928"]

1. d4 Nf6 2. Nf3 d6 3. Bf4 g6 4. e3 b6 5. Nbd2 Ba6 6. c4 Bg7 7. h3 Nbd7 8. Qa4
Bb7 9. Be2 O-O 10. O-O Ne4 11. Qc2 Nxd2 12. Qxd2 Nf6 13. Rac1 Rc8 14. Qc2 a5
15. Nd2 Re8 16. Bf3 Bxf3 17. Nxf3 Nh5 18. Bh2 Qd7 19. a4 Nf6 20. b3 e6 21. Rcd1
Re7 22. e4 Qe8 23. e5 dxe5 24. Nxe5 h6 25. Rfe1 Nd7 26. Nf3 Nf8 27. Re2 c6 28.
c5 Nd7 29. Bd6 bxc5 30. dxc5 Nxc5 31. Bxc5 Rd7 32. Rxd7 Qxd7 33. Rd2 Qe8 34.
Qc4 Bf8 35. Bxf8 Qxf8 36. Ne5 c5 37. Qf4 Qg7 38. Ng4 h5 39. Nf6+ Kh8 40. Rd7
1-0